banner-ar

ECHOES OF AN AUTO BIOGRAPHY / (Record no. 14732)

MARC details
000 -الفاتح
حقل البيانات ثابتة الطول 00492nam a2200181Ia 4500
008 - عناصر البيانات ثابتة الطول - معلومات عامة
حقل البيانات ثابتة الطول 140319s9999 xx 000 0 eng d
040 ## - مصدر الفهرسة
وكالة الفهرسة الأصلية GCL /
وكالة النسخ GCL
082 04 - رقم تصنيف ديوى العشرى
رقم التصنيف 920.71
رقم المادة M E
100 1# - المدخل الرئيسى - إسم شخصى
الإسم الشخصى NAGUIB MAHFOUZ
245 10 - بيان العنوان
العنوان ECHOES OF AN AUTO BIOGRAPHY /
بيان المسئوليه,etc NAGUIB MAHFOUZ
700 1# - المدخل الاضافى - اسم شخصى
الإسم الشخصى DAVIS, DENY JOHNSON
260 ## - PUBLICATION, DISTRIBUTION, ETC. (IMPRINT)
تاريخ النشر أو التوزيع 1997
300 ## - الوصف المادى
التعداد 118 P
650 04 - المدخل الاضافى بالموضوع-مصطلح موضوعى
مصطلح موضوعي NAGUIB MAHFOUZ
650 04 - المدخل الاضافى بالموضوع-مصطلح موضوعى
مصطلح موضوعي AUTOBIOGRAPHY
942 ## - عناصر المدخل الإضافي( كوها)
مصدر التصنيف او مخطط الترفيف Dewey Decimal Classification
Koha [default] item type كتاب
260 ## - PUBLICATION, DISTRIBUTION, ETC. (IMPRINT)
-- [S.N] :
-- THE AMERICAN UNIVERSITY IN CAIRO PRESS ،
Holdings
حالة التراجع حالة الفقد حالة تلف ليس للاعارة المكان المؤقت الموقع الحالى تاريخ الاكتساب اجمالي اﻻعارات رقم الطلب الباركود تاريخ اخر مشاهدة تاريخ تفعيل السعر نوع وعاء كوها
        مكتبة القاهرة الكبرى مكتبة القاهرة الكبرى 03/26/2014   920.71\M E 27595 03/26/2014 03/26/2014 كتاب

Powered By

EGPV